[Event "Titled Tue 26th Aug Late"]
[Site "chess.com INT"]
[Date "2025.08.26"]
[Round "1"]
[White "Kleimenov, Nikolay"]
[Black "Paval, George"]
[Result "1-0"]
[WhiteTitle "CM"]
[WhiteElo "2244"]
[BlackElo "2139"]
[WhiteFideId "34414223"]
[BlackFideId "1214233"]
[EventDate "2025.08.26"]

1. e4 c6 2. d4 d5 3. e5 Bf5 4. h4 h5 5. Bd3 Bxd3 6. Qxd3 e6 7. Nf3 Qa5+ 8. Nbd2
Qa6 9. c4 Nd7 10. O-O Nh6 11. a4 Nf5 12. b3 Bb4 13. Ba3 Bxa3 14. Rxa3 Qb6 15. c5
Qd8 16. b4 Nxh4 17. Nxh4 Qxh4 18. f4 g6 19. Qe3 O-O 20. Nf3 Qe7 21. Ng5 Rae8 22.
Qh3 f6 23. exf6 Qxf6 24. Rd3 Qf5 25. Re3 e5 26. dxe5 Nxe5 27. Qxf5 Rxf5 28. Rfe1
Rxf4 29. Rxe5 Rxe5 30. Rxe5 Rxb4 31. Re7 Rxa4 32. Rxb7 Rc4 33. Rxa7 Rxc5 34.
Ra8+ Kg7 35. Ne6+ Kf6 36. Nxc5 Ke5 37. Rg8 Kd4 38. Ne6+ Kc3 39. Rxg6 d4 40. Nxd4
Kxd4 41. Rxc6 1-0

[Event "Titled Tue 26th Aug Late"]
[Site "chess.com INT"]
[Date "2025.08.26"]
[Round "1"]
[White "Sailer, Mike"]
[Black "Janaszak, Dawid"]
[Result "0-1"]
[BlackTitle "FM"]
[WhiteElo "2108"]
[BlackElo "2306"]
[WhiteFideId "2012901"]
[BlackFideId "1119206"]
[EventDate "2025.08.26"]

1. c4 e6 2. Nc3 d5 3. e3 Nf6 4. Nf3 c5 5. d4 Nc6 6. cxd5 exd5 7. Bb5 a6 8. Bxc6+
bxc6 9. Ne5 Qc7 10. O-O Bd6 11. f4 O-O 12. Bd2 cxd4 13. exd4 Qb6 14. Nf3 Bf5 15.
Na4 Qb5 16. b3 Rfe8 17. Ne5 c5 18. Nxc5 Bxc5 19. dxc5 Qxc5+ 20. Kh1 Ne4 21. Be1
f6 22. Rc1 Qd6 23. Nf3 Bg4 24. Bg3 Rad8 25. Qd4 Nxg3+ 26. hxg3 Re2 27. Rf2 Rxf2
28. Qxf2 d4 29. Rd1 d3 30. Qe3 h6 31. Rd2 Kf7 32. Qe4 Rd7 33. Nh4 Qe6 34. Qg6+
Kg8 35. Rxd3 Bh5 36. Rxd7 Bxg6 37. Rd8+ 0-1

[Event "Titled Tue 26th Aug Late"]
[Site "chess.com INT"]
[Date "2025.08.26"]
[Round "1"]
[White "Gubajdullin, Alexei"]
[Black "Joel Paul Ganta"]
[Result "0-1"]
[WhiteTitle "FM"]
[BlackTitle "CM"]
[WhiteElo "2228"]
[BlackElo "2067"]
[WhiteFideId "4141202"]
[BlackFideId "35066145"]
[EventDate "2025.08.26"]

1. Nf3 d5 2. g3 Nf6 3. Bg2 e6 4. O-O Be7 5. d3 O-O 6. Nbd2 Nc6 7. e4 e5 8. exd5
Nxd5 9. Nc4 f6 10. d4 Bg4 11. dxe5 Nxe5 12. Ncxe5 fxe5 13. h3 Bxf3 14. Bxf3 c6
15. c3 Bc5 16. Qe2 Qf6 17. Kg2 Rae8 18. Be4 a5 19. Qc4 Qd6 20. a4 Kh8 21. Bg5 h6
22. Rad1 Bxf2 23. Bxd5 cxd5 24. Rxd5 Qe6 25. Bc1 Bb6 26. Rxf8+ Rxf8 27. b3 Rf2+ 0-1

[Event "Titled Tue 26th Aug Late"]
[Site "chess.com INT"]
[Date "2025.08.26"]
[Round "1"]
[White "Azamikia, Mehran"]
[Black "Atakhan, Abtin"]
[Result "0-1"]
[WhiteTitle "CM"]
[BlackTitle "IM"]
[WhiteElo "2130"]
[BlackElo "2388"]
[WhiteFideId "12502502"]
[BlackFideId "22502203"]
[EventDate "2025.08.26"]

1. d4 d5 2. Nf3 Nf6 3. c4 c6 4. Nbd2 g6 5. e3 Bg7 6. Bd3 O-O 7. O-O a5 8. Re1
Na6 9. a3 Nc7 10. h3 dxc4 11. Nxc4 Ncd5 12. e4 Nb6 13. Nce5 a4 14. Be3 Be6 15.
Rc1 Bb3 16. Qe2 Nfd7 17. Nc4 Nxc4 18. Bxc4 Bxc4 19. Qxc4 Qa5 20. e5 Nb6 21. Qc3
Qxc3 22. bxc3 Nc4 23. Ra1 e6 24. Nd2 Nxe3 25. fxe3 c5 26. Ne4 cxd4 27. cxd4 Rfb8
28. Rab1 Bf8 29. Nd6 Bxd6 30. exd6 Ra6 31. Rb4 Rxd6 32. Rxa4 Rb6 33. Rc1 Rb3 34.
Kf2 Kg7 35. Rb4 Rxa3 36. Rc7 b5 37. Rc5 Ra2+ 38. Kf3 Rd2 0-1

[Event "Titled Tue 26th Aug Late"]
[Site "chess.com INT"]
[Date "2025.08.26"]
[Round "1"]
[White "Motola, Jacopo"]
[Black "Nassr, Ahmed"]
[Result "1-0"]
[WhiteTitle "FM"]
[BlackTitle "IM"]
[WhiteElo "2333"]
[BlackElo "2153"]
[WhiteFideId "863190"]
[BlackFideId "7904860"]
[EventDate "2025.08.26"]

1. b3 d5 2. Bb2 Nf6 3. Nf3 Bf5 4. g3 e6 5. Bg2 Nbd7 6. O-O h6 7. d3 Be7 8. Nbd2
O-O 9. c4 c6 10. Rc1 a5 11. a3 Re8 12. Rc2 Qb6 13. Qa1 Bf8 14. Ne5 Nxe5 15. Bxe5
Nd7 16. Bb2 Rad8 17. Rfc1 Bg6 18. Bc3 Kh7 19. Rb1 Bc5 20. Rf1 f6 21. Qb2 d4 22.
Bxa5 Qxa5 23. b4 Qb6 24. bxc5 Qxb2 25. Rxb2 Nxc5 26. Rb4 Ra8 27. Nb3 Nxb3 28.
Rxb3 Ra7 29. Rfb1 Rea8 30. Rxb7 c5 31. Rxa7 Rxa7 32. Ra1 Ra5 33. Bc6 Kg8 34. a4
Kf8 35. Rb1 Bh5 36. Kf1 f5 37. Rb7 Ra6 38. Bb5 Rd6 39. a5 e5 40. a6 e4 41. a7
exd3 1-0

[Event "Titled Tue 26th Aug Late"]
[Site "chess.com INT"]
[Date "2025.08.26"]
[Round "1"]
[White "Ferreira, Vitor Hugo Vieira"]
[Black "Winter Atwell, Adrian"]
[Result "1-0"]
[BlackTitle "FM"]
[WhiteElo "2128"]
[BlackElo "2090"]
[WhiteFideId "2119765"]
[BlackFideId "7700750"]
[EventDate "2025.08.26"]

1. e4 e5 2. Nf3 Nc6 3. Bb5 f5 4. d4 fxe4 5. Nxe5 Nf6 6. O-O Bd6 7. Nc4 O-O 8.
Nxd6 cxd6 9. Bf4 d5 10. Nc3 d6 11. Ba4 Bg4 12. Qd2 Qd7 13. Bb3 Qf5 14. Bxd6 Rfd8
15. Bg3 a6 16. Bh4 Ne7 17. Bxf6 gxf6 18. Rae1 Kh8 19. f3 Bh5 20. fxe4 Qg4 21.
Rf4 Qg7 22. exd5 Bg6 23. Rg4 f5 24. Rg3 Qf6 25. Qf4 Nc8 26. Re6 Qf8 27. Qe5+ Kg8
28. d6 1-0

[Event "Titled Tue 26th Aug Late"]
[Site "chess.com INT"]
[Date "2025.08.26"]
[Round "1"]
[White "Carlsen, Magnus"]
[Black "Caprio, Guido"]
[Result "1-0"]
[WhiteTitle "GM"]
[BlackTitle "IM"]
[WhiteElo "2839"]
[BlackElo "2435"]
[WhiteFideId "1503014"]
[BlackFideId "834580"]
[EventDate "2025.08.26"]

1. d4 Nf6 2. g4 Nxg4 3. e4 d5 4. h3 Nf6 5. e5 Nfd7 6. e6 fxe6 7. Nf3 Nc6 8. Nc3
e5 9. dxe5 Ndxe5 10. Nxe5 Nxe5 11. Qxd5 Qxd5 12. Nxd5 Kd8 13. Be2 e6 14. Bg5+
Kd7 15. Nc3 Bd6 16. O-O-O Nf7 17. Be3 Ke7 18. Rhg1 g6 19. h4 Bd7 20. Bf3 Bc6 21.
Bxc6 bxc6 22. h5 Rhg8 23. Ne4 gxh5 24. Rh1 Rg6 25. Rxh5 h6 26. Rdh1 a6 27. Kd1
Rd8 28. Ke2 Be5 29. b3 Bg7 30. Ra5 Ra8 31. Nc5 Nd6 32. Rxa6 Rxa6 33. Nxa6 Kd7
34. Nb8+ Kc8 35. Nxc6 Nf5 36. a4 Kb7 37. Na5+ Ka6 38. Nc4 1-0

[Event "Titled Tue 26th Aug Late"]
[Site "chess.com INT"]
[Date "2025.08.26"]
[Round "1"]
[White "Gajic, Mladen"]
[Black "Ragger, Markus"]
[Result "0-1"]
[WhiteTitle "FM"]
[BlackTitle "GM"]
[WhiteElo "2246"]
[BlackElo "2569"]
[WhiteFideId "1709178"]
[BlackFideId "1610856"]
[EventDate "2025.08.26"]

1. d4 Nf6 2. Nc3 d5 3. Bf4 g6 4. Qd2 Bg7 5. O-O-O O-O 6. Bh6 b5 7. Bxg7 Kxg7 8.
Nxb5 Nc6 9. f3 Rb8 10. e4 dxe4 11. d5 Ne5 12. Qc3 Nd3+ 13. cxd3 Rxb5 14. dxe4
Rb6 15. g4 Kg8 16. h4 c6 17. d6 exd6 18. h5 Be6 19. b3 Qe7 20. Nh3 Rfb8 21. Bc4
d5 22. e5 Nd7 23. Bd3 Qa3+ 24. Qb2 Qxb2+ 25. Kxb2 Nxe5 26. Be2 a5 27. Rd4 c5 28.
Ra4 c4 29. Rxa5 cxb3 30. a3 Rc8 31. Rc1 Rxc1 0-1

[Event "Titled Tue 26th Aug Late"]
[Site "chess.com INT"]
[Date "2025.08.26"]
[Round "1"]
[White "Maghsoodloo, Parham"]
[Black "Rizzo, Tobias"]
[Result "1-0"]
[WhiteTitle "GM"]
[WhiteElo "2695"]
[BlackElo "1955"]
[WhiteFideId "12539929"]
[BlackFideId "30942691"]
[EventDate "2025.08.26"]

1. d4 f5 2. Bg5 Nf6 3. e3 g6 4. h4 h6 5. Bf4 Bg7 6. Nc3 d6 7. Bc4 Nc6 8. Nf3 e6
9. d5 e5 10. dxc6 exf4 11. cxb7 Bxb7 12. exf4 Qe7+ 13. Qe2 Bxf3 14. gxf3 Qxe2+
15. Nxe2 d5 16. Bb3 Kf7 17. O-O-O c6 18. c4 Rhd8 19. Rd2 dxc4 20. Bxc4+ Ke7 21.
Rxd8 Rxd8 22. Rg1 Ne8 23. Rxg6 Bf6 24. Rxh6 Bg7 25. Rxc6 Nd6 26. Bd3 Rh8 27.
Rc7+ Kf6 28. Rxa7 Rxh4 29. Ra6 Ke7 30. Ng3 Rxf4 31. Ra7+ Kf8 32. Rxg7 Rd4 33.
Rd7 Ke8 34. Rxd6 Rxd6 35. Bxf5 Kf7 36. f4 Rc6+ 37. Bc2 Rc4 38. Ne4 Ke7 39. f5
Rd4 40. a4 Rb4 41. a5 Rb5 42. f6+ Kf8 43. a6 Ra5 44. Bd3 Kf7 45. b4 Ra2 46. Bc4+
Kg6 1-0

[Event "Titled Tue 26th Aug Late"]
[Site "chess.com INT"]
[Date "2025.08.26"]
[Round "1"]
[White "Niemann, Hans Moke"]
[Black "Tikhonov, Viacheslav"]
[Result "1-0"]
[WhiteTitle "GM"]
[BlackTitle "CM"]
[WhiteElo "2736"]
[BlackElo "2183"]
[WhiteFideId "2093596"]
[BlackFideId "44196407"]
[EventDate "2025.08.26"]

1. e4 c6 2. d4 d5 3. e5 c5 4. Nf3 Bg4 5. dxc5 e6 6. Be3 Nd7 7. Bb5 Qc7 8. b4 Ne7
9. Nbd2 Nc6 10. c3 Ncxe5 11. h3 Bh5 12. g4 Bg6 13. Nxe5 Qxe5 14. Nf3 Qxc3+ 15.
Bd2 Qf6 16. O-O a6 17. Ba4 Be4 18. Ng5 Bd3 19. Re1 h6 20. Bxd7+ Kxd7 21. Nf3 Be4
22. Rxe4 Qxa1 23. Qxa1 dxe4 24. Qd4+ Kc6 25. Ne5+ Kb5 26. a4+ Kxa4 27. b5+ Kb3
28. Qc3+ Ka2 29. Qc2+ Ka3 30. Nc4# 1-0

[Event "Titled Tue 26th Aug Late"]
[Site "chess.com INT"]
[Date "2025.08.26"]
[Round "1"]
[White "Naroditsky, Daniel"]
[Black "Labussiere, Victor"]
[Result "1-0"]
[WhiteTitle "GM"]
[BlackTitle "FM"]
[WhiteElo "2619"]
[BlackElo "2298"]
[WhiteFideId "2026961"]
[BlackFideId "2183129"]
[EventDate "2025.08.26"]

1. d4 Nf6 2. Nc3 d5 3. Bf4 c6 4. e3 Bf5 5. Nf3 e6 6. Ne5 Bb4 7. Bd3 Qa5 8. O-O
Nbd7 9. Bxf5 exf5 10. Nxd7 Nxd7 11. Ne2 O-O 12. c3 Be7 13. Qc2 g6 14. b3 Rfe8
15. c4 Rac8 16. h3 a6 17. c5 Qd8 18. b4 Bg5 19. a4 Bxf4 20. Nxf4 Ra8 21. b5 Kg7
22. Rab1 Qc7 23. Rb3 axb5 24. axb5 Ra5 25. Rfb1 Rea8 26. bxc6 bxc6 27. Rb7 Qc8
28. Qe2 Ra1 29. Kh2 Rxb1 30. Rxb1 Ra7 31. Qb2 Nf6 32. Qb6 Ra2 33. Nd3 Ne4 34.
Qb7 Qe8 35. Qc7 Nxf2 36. Ne5 Ne4 37. Rb8 Qe6 38. Qd8 Kh6 39. Qf8+ Kh5 40. Nxf7
g5 41. Re8 Qg6 42. Ne5 Qf6 43. Qg8 h6 44. Re6 1-0

[Event "Titled Tue 26th Aug Late"]
[Site "chess.com INT"]
[Date "2025.08.26"]
[Round "1"]
[White "Kaufman, David"]
[Black "Ocampos, Ian"]
[Result "0-1"]
[WhiteTitle "IM"]
[WhiteElo "2447"]
[BlackElo "2195"]
[WhiteFideId "34220194"]
[BlackFideId "117544"]
[EventDate "2025.08.26"]

1. d4 Nf6 2. c4 g6 3. Nc3 d5 4. cxd5 Nxd5 5. e4 Nxc3 6. bxc3 c5 7. Bc4 Bg7 8.
Ne2 O-O 9. O-O Nc6 10. Be3 Na5 11. Bd3 b6 12. e5 Qc7 13. Bf4 Be6 14. Qd2 Rfd8
15. Qe3 Nc4 16. Qg3 Qd7 17. h4 h6 18. Rab1 Rac8 19. Rfd1 Na3 20. Rbc1 Bf5 21. c4
cxd4 22. Bxf5 Qxf5 23. Qxa3 d3 24. Ng3 Qxf4 25. Qxa7 Bxe5 26. Qxe7 Bd4 27. Nh1
d2 28. Rc2 Re8 0-1

[Event "Titled Tue 26th Aug Late"]
[Site "chess.com INT"]
[Date "2025.08.26"]
[Round "1"]
[White "Arnold, Rhys"]
[Black "Maximov, Dmitry"]
[Result "1-0"]
[WhiteTitle "FM"]
[BlackTitle "GM"]
[WhiteElo "2269"]
[BlackElo "2476"]
[WhiteFideId "1068849"]
[BlackFideId "14105659"]
[EventDate "2025.08.26"]

1. e4 c5 2. Nf3 d6 3. d4 cxd4 4. Nxd4 Nf6 5. Nc3 a6 6. Be3 Nbd7 7. f3 h5 8. Qd2
e6 9. O-O-O Qc7 10. Kb1 b5 11. Ndxb5 axb5 12. Nxb5 Qa5 13. Qxa5 Rxa5 14. Nxd6+
Bxd6 15. Rxd6 Ke7 16. Rd2 Ba6 17. b3 Bxf1 18. Rxf1 Rha8 19. a4 Rb8 20. Ka2 Ne5
21. Rfd1 Nc4 22. Rd3 Nxe3 23. Rxe3 Nd7 24. Ka3 Ne5 25. Rc3 g5 26. Rc7+ Kf6 27.
b4 Raa8 28. a5 Rc8 29. Rxc8 Rxc8 30. Kb3 g4 31. f4 Nc4 32. Rd7 Ne3 33. a6 Nxg2
34. a7 Nxf4 35. b5 h4 36. b6 g3 37. hxg3 hxg3 38. b7 g2 39. Rd1 Rd8 40. Rg1 Ne2
41. Rxg2 Nd4+ 42. Kc4 Nc6 43. a8=Q Ne5+ 44. Kb5 1-0

[Event "Titled Tue 26th Aug Late"]
[Site "chess.com INT"]
[Date "2025.08.26"]
[Round "1"]
[White "Kocharin, Timur"]
[Black "Schnaider, Ilan"]
[Result "0-1"]
[WhiteTitle "FM"]
[BlackTitle "IM"]
[WhiteElo "2310"]
[BlackElo "2386"]
[WhiteFideId "16240936"]
[BlackFideId "169013"]
[EventDate "2025.08.26"]

1. c4 Nf6 2. g3 g6 3. Bg2 Bg7 4. d4 O-O 5. Nc3 Nc6 6. Nf3 d5 7. cxd5 Nxd5 8. O-O
e5 9. Nxe5 Nxc3 10. bxc3 Nxe5 11. dxe5 Bxe5 12. Qc2 c6 13. Ba3 Re8 14. Rfd1 Qc7
15. Rab1 Bf5 16. e4 Bg4 17. f3 Be6 18. Kh1 Bg7 19. f4 Rad8 20. f5 Bc4 21. Rxd8
Rxd8 22. Rd1 Rxd1+ 23. Qxd1 Bxa2 24. Qd2 Bc4 25. Bf3 a5 26. Kg2 b5 27. Bc5 a4
28. h4 h6 29. g4 Kh7 30. g5 hxg5 31. hxg5 Be5 32. f6 Bf4 33. Be3 Bxe3 34. Qxe3
a3 35. Qc5 Qf4 36. Kf2 Qd2+ 37. Kg3 a2 38. Qf8 Qxg5+ 39. Kf2 Qxf6 0-1

[Event "Titled Tue 26th Aug Late"]
[Site "chess.com INT"]
[Date "2025.08.26"]
[Round "1"]
[White "Urbina Perez, Juan Antonio"]
[Black "Maria, Lia-Alexandra"]
[Result "1-0"]
[WhiteTitle "FM"]
[BlackTitle "WFM"]
[WhiteElo "2221"]
[BlackElo "2092"]
[WhiteFideId "2217368"]
[BlackFideId "1248952"]
[EventDate "2025.08.26"]

1. d4 Nf6 2. Nf3 e6 3. g3 c5 4. Bg2 cxd4 5. Nxd4 d6 6. O-O Nbd7 7. e4 Be7 8. c4
O-O 9. Nc3 a6 10. b3 Qc7 11. Bb2 Rb8 12. Rc1 b6 13. Qe2 Bb7 14. Rfd1 Rfe8 15. h3
Bf8 16. g4 h6 17. h4 d5 18. cxd5 Qf4 19. dxe6 fxe6 20. Qf3 Qxg4 21. Qxg4 Nxg4
22. Bh3 Nde5 23. Na4 h5 24. f3 Nf6 25. Kg2 Ng6 26. Bxe6+ Kh7 27. Bf5 Bc8 28. Nc6
Bxf5 29. exf5 Nxh4+ 30. Kh3 Nxf5 31. Nxb8 Rxb8 32. Bxf6 gxf6 33. Rc7+ Bg7 34.
Rd5 Re8 35. Rxf5 1-0

[Event "Titled Tue 26th Aug Late"]
[Site "chess.com INT"]
[Date "2025.08.26"]
[Round "1"]
[White "Sobek, Jaroslav"]
[Black "Herbrig, Alexander"]
[Result "0-1"]
[WhiteTitle "FM"]
[BlackTitle "FM"]
[WhiteElo "2195"]
[BlackElo "2292"]
[WhiteFideId "301388"]
[BlackFideId "12952044"]
[EventDate "2025.08.26"]

1. d4 d5 2. c4 e5 3. dxe5 d4 4. Nf3 Nc6 5. a3 a5 6. Nbd2 Nge7 7. Nb3 Nf5 8. g4
Nh4 9. Nbxd4 Bxg4 10. Bg5 Nxf3+ 11. Nxf3 Qxd1+ 12. Rxd1 Bxf3 13. exf3 Nxe5 14.
Be2 f6 15. Bd2 Bd6 16. Bc3 Kf7 17. f4 Ng6 18. c5 Bxf4 19. Rd7+ Ne7 20. Bc4+ Ke8
21. Rd3 Rd8 22. Rxd8+ Kxd8 23. Bxa5 Be5 24. b3 Nc6 25. Bd2 Nd4 26. Kf1 g5 27.
Kg2 h5 28. Rd1 Ke7 29. Bc3 Nc6 30. Bd2 h4 31. Bc1 h3+ 32. Kh1 Rh4 33. Re1 Rg4 0-1

[Event "Titled Tue 26th Aug Late"]
[Site "chess.com INT"]
[Date "2025.08.26"]
[Round "1"]
[White "Kochetkov, German"]
[Black "Sindarov, Javokhir"]
[Result "0-1"]
[WhiteTitle "IM"]
[BlackTitle "GM"]
[WhiteElo "2277"]
[BlackElo "2722"]
[WhiteFideId "13500635"]
[BlackFideId "14205483"]
[EventDate "2025.08.26"]

1. f4 d5 2. Nf3 Bg4 3. e3 Nf6 4. h3 Bxf3 5. Qxf3 e6 6. d4 c5 7. c3 Ne4 8. h4 Be7
9. g3 Nc6 10. Nd2 cxd4 11. exd4 f5 12. Nxe4 dxe4 13. Qd1 Rc8 14. Qb3 Qd7 15. Be3
Na5 16. Bb5 Nxb3 17. Bxd7+ Kxd7 18. axb3 a6 19. Ke2 h6 20. Ra4 g5 21. h5 Rhg8
22. Rg1 Rg7 23. b4 Rcg8 24. Raa1 gxf4 25. gxf4 Rg2+ 26. Kf1 Rxg1+ 27. Bxg1 Rg4
28. Be3 Bd6 29. Ke2 Rg2+ 30. Bf2 Bxf4 31. Rg1 Rh2 32. Rg7+ Kc6 33. c4 e3 34. d5+
exd5 0-1

[Event "Titled Tue 26th Aug Late"]
[Site "chess.com INT"]
[Date "2025.08.26"]
[Round "1"]
[White "Mayans Calvo, Mariano"]
[Black "Velikanov, Alexander"]
[Result "1-0"]
[WhiteTitle "CM"]
[BlackTitle "IM"]
[WhiteElo "2101"]
[BlackElo "2364"]
[WhiteFideId "2251426"]
[BlackFideId "2039290"]
[EventDate "2025.08.26"]

1. e4 c5 2. Nf3 e6 3. c3 Nf6 4. e5 Nd5 5. d4 cxd4 6. Qxd4 Nc6 7. Qe4 f5 8. Qe2
a5 9. g3 b5 10. Bg2 Ba6 11. Bg5 Be7 12. Bxe7 Qxe7 13. Nbd2 O-O 14. O-O a4 15. a3
b4 16. c4 Na5 17. Rfc1 Rfc8 18. Nd4 Rab8 19. Nxf5 exf5 20. Bxd5+ Kh8 21. Qf3
bxa3 22. bxa3 Rb2 23. Qc3 Rxd2 24. Qxa5 Rxd5 25. cxd5 Qg5 26. Rxc8+ Bxc8 27. Qc7
h5 28. Qxc8+ Kh7 29. Qxd7 h4 30. d6 h3 31. Qc6 f4 32. Qe4+ Kh8 33. Qxf4 Qg6 34.
Qh4+ Kg8 35. d7 1-0

[Event "Titled Tue 26th Aug Late"]
[Site "chess.com INT"]
[Date "2025.08.26"]
[Round "1"]
[White "Silva, Luca"]
[Black "Terry, Renato"]
[Result "0-1"]
[WhiteTitle "FM"]
[BlackTitle "IM"]
[WhiteElo "2214"]
[BlackElo "2508"]
[WhiteFideId "147370"]
[BlackFideId "3803457"]
[EventDate "2025.08.26"]

1. e4 e6 2. d4 d5 3. Nc3 Nf6 4. Bg5 Bb4 5. e5 h6 6. Bd2 Bxc3 7. bxc3 Ne4 8. Bc1
Nxc3 9. Qg4 g6 10. Bd3 b6 11. Bd2 Na4 12. h4 Ba6 13. Bxa6 Nxa6 14. h5 g5 15. Nh3
Qe7 16. O-O O-O-O 17. f4 gxf4 18. Qxf4 Rh7 19. Qf6 Qa3 20. Bxh6 Nc3 21. Rae1 Ne4
22. Rxe4 dxe4 23. Bg5 Rg8 24. h6 Nb4 25. Qe7 e3 26. Rxf7 Rxf7 27. Qxf7 Rxg5 28.
h7 e2 29. h8=Q+ Kb7 30. Kf2 Rxg2+ 31. Kxg2 e1=Q 32. Nf2 Nd5 33. Qfg8 Nf4+ 34.
Kh2 Qxf2+ 35. Kh1 Qaf3+ 0-1

[Event "Titled Tue 26th Aug Late"]
[Site "chess.com INT"]
[Date "2025.08.26"]
[Round "1"]
[White "Dyachuk, Artem"]
[Black "Van Foreest, Machteld"]
[Result "1-0"]
[WhiteTitle "FM"]
[BlackTitle "FM"]
[WhiteElo "2298"]
[BlackElo "2313"]
[WhiteFideId "34107924"]
[BlackFideId "1051563"]
[EventDate "2025.08.26"]

1. e4 e6 2. d4 d5 3. Nc3 Nf6 4. e5 Nfd7 5. f4 c5 6. Nf3 Nc6 7. Be3 a6 8. Qd2 Qb6
9. Rb1 cxd4 10. Nxd4 Nc5 11. Qf2 Nxd4 12. Bxd4 Qc6 13. Be2 b5 14. a3 Be7 15. O-O
Bb7 16. Qg3 O-O 17. Rbd1 Ne4 18. Nxe4 dxe4 19. c3 Rfd8 20. f5 exf5 21. Rxf5 Bc5
22. h4 Bxd4+ 23. cxd4 Qh6 24. Rf6 g6 25. h5 e3 26. hxg6 hxg6 27. e6 Rf8 28.
exf7+ Kg7 29. Qe5 Kh7 30. Bd3 e2 31. Re1 Qh4 32. Rxe2 Rac8 33. Bxg6+ Kh6 34.
Bd3+ Kg7 35. Rf4+ 1-0

[Event "Titled Tue 26th Aug Late"]
[Site "chess.com INT"]
[Date "2025.08.26"]
[Round "1"]
[White "Msellek, Ilyass"]
[Black "Kleibel, Uwe"]
[Result "1-0"]
[WhiteTitle "IM"]
[BlackTitle "FM"]
[WhiteElo "2406"]
[BlackElo "2301"]
[WhiteFideId "675938"]
[BlackFideId "1270982"]
[EventDate "2025.08.26"]

1. d4 d5 2. c4 e6 3. Nf3 Nf6 4. Nc3 Be7 5. cxd5 exd5 6. Bf4 c6 7. e3 h6 8. Bd3
Bd6 9. O-O O-O 10. Ne5 c5 11. Nb5 Be7 12. dxc5 Bxc5 13. Rc1 Na6 14. Bb1 Qb6 15.
a4 Be6 16. Nd3 Be7 17. Be5 Rac8 18. Nf4 Rfd8 19. Bd4 Qa5 20. Rxc8 Bxc8 21. Nxa7
Bd7 22. b3 Nc5 23. Bxf6 Bxf6 24. Nxd5 Qxa7 25. Nxf6+ gxf6 26. Qd4 b6 27. Qxf6
Qc7 28. Rc1 Ne4 29. Qb2 Qb7 30. Qd4 f5 31. b4 Rc8 32. Ba2+ Kh7 33. Rd1 Rc7 34.
Qe5 Qc8 35. Qe7+ Kg6 36. Qf7+ Kg5 37. Qg7+ Kh5 38. Bf7+ Kh4 39. Qxh6+ 1-0

[Event "Titled Tue 26th Aug Late"]
[Site "chess.com INT"]
[Date "2025.08.26"]
[Round "1"]
[White "Tang, Zoey"]
[Black "Ostrovskiy, Aleksandr"]
[Result "0-1"]
[WhiteTitle "FM"]
[BlackTitle "IM"]
[WhiteElo "2381"]
[BlackElo "2366"]
[WhiteFideId "30952530"]
[BlackFideId "2034239"]
[EventDate "2025.08.26"]

1. d4 Nf6 2. c4 e5 3. dxe5 Ng4 4. Bf4 Nc6 5. Nf3 Bb4+ 6. Nc3 Bxc3+ 7. bxc3 Qe7
8. e3 Ngxe5 9. Nxe5 Nxe5 10. Be2 O-O 11. O-O d6 12. Rb1 b6 13. Qc2 Bb7 14. Rfd1
Rfe8 15. a4 a5 16. h3 Nd7 17. Bd3 h6 18. Bh7+ Kh8 19. Bf5 Nc5 20. Re1 Qf6 21.
Rbd1 Bc6 22. Ra1 Re7 23. Bd3 Rae8 24. Bg3 Kg8 25. Red1 Qg5 26. Bf1 Ne4 27. Bf4
Qf6 28. Rd4 Nc5 29. Rdd1 Qe6 30. Bg3 Qd7 31. Qe2 Bxa4 32. Rdb1 Ne4 33. Bh4 g5
34. Qh5 gxh4 35. Qxh6 Re6 36. Qxh4 Bc6 37. Bd3 Qe7 38. Qg4+ Rg6 39. Qe2 Nxc3 0-1

[Event "Titled Tue 26th Aug Late"]
[Site "chess.com INT"]
[Date "2025.08.26"]
[Round "1"]
[White "Joseph Benher, Savio"]
[Black "Murawski, Jan"]
[Result "0-1"]
[BlackTitle "CM"]
[WhiteElo "2142"]
[BlackElo "2189"]
[WhiteFideId "2629453"]
[BlackFideId "21009287"]
[EventDate "2025.08.26"]

1. e4 g6 2. d4 Bg7 3. Nc3 c5 4. Nf3 Qa5 5. Be3 Nf6 6. Qd2 Nc6 7. d5 Nb4 8. h3
Nxe4 9. Nxe4 Nxc2+ 10. Kd1 Qxd2+ 11. Nfxd2 Nxa1 12. Kc1 d6 13. Kb1 O-O 14. Kxa1
f5 15. Nxc5 f4 16. Nd3 fxe3 17. fxe3 Bh6 18. Nf3 Bxe3 19. Be2 Bf5 20. Rd1 Rac8
21. Nfe1 Be4 22. Bf3 Bxf3 23. Nxf3 Rf5 24. Re1 Rxd5 25. Rxe3 Rxd3 26. Re1 e5 27.
a3 Rd5 28. Ng5 Rc2 29. Ne4 Rd4 30. g4 Kg7 31. g5 Rc7 32. Nf6 Rf7 33. Ng4 e4 34.
Ka2 d5 35. h4 Rd2 36. Nh6 Rff2 37. Kb3 Rxb2+ 38. Kc3 Rfd2 39. Rf1 Rbc2+ 40. Kb3
Rf2 41. Rd1 Rb2+ 42. Kc3 Rfc2+ 43. Kd4 Rd2+ 0-1

[Event "Titled Tue 26th Aug Late"]
[Site "chess.com INT"]
[Date "2025.08.26"]
[Round "1"]
[White "Robert, Yoann"]
[Black "Alazmi, Amani"]
[Result "1-0"]
[WhiteTitle "CM"]
[BlackTitle "WCM"]
[WhiteElo "2169"]
[BlackElo "1745"]
[WhiteFideId "36018805"]
[BlackFideId "10303553"]
[EventDate "2025.08.26"]

1. d4 d5 2. Nc3 e6 3. Bf4 Nf6 4. Nb5 Bb4+ 5. c3 Ba5 6. a4 a6 7. b4 Bb6 8. a5
axb5 9. axb6 Rxa1 10. Qxa1 Na6 11. bxc7 Nxc7 12. Qa5 Na6 13. Qxb5+ Nd7 14. e3
O-O 15. Nf3 f6 16. Bd3 Kh8 17. O-O Qe7 18. Bg3 g5 19. e4 dxe4 20. Bxe4 h5 21.
Bxb7 Bxb7 22. Qxb7 Nab8 23. Re1 h4 24. Bxb8 Rxb8 25. Qc6 Nf8 26. d5 e5 27. d6
Qe6 28. h3 Rd8 29. Rd1 e4 30. Nd4 Qe5 31. Ne2 Ne6 32. Qd5 Qxd5 33. Rxd5 Ng7 34.
c4 f5 35. c5 g4 36. hxg4 fxg4 37. c6 g3 38. fxg3 hxg3 39. Nxg3 Ra8 40. d7 Ne6
41. Nxe4 Nf4 42. d8=Q+ Rxd8 43. Rxd8+ Kg7 44. c7 Ne2+ 45. Kf2 Nf4 46. c8=Q Nd3+
47. Rxd3 Kg6 48. Qg4+ Kf7 49. Rd7+ Kf8 50. Qf5+ Kg8 51. Qf7+ Kh8 52. Qh7# 1-0